Statistiche per abbina canzoni e cantanti

Clicka qui per fare il quiz!

Statistiche generali

  • Questo quiz è stato fatto 224 volte
    (194 dall'ultimo reset)
  • Il punteggio medio è 10 su 20

Statistiche sulle risposte

SuggerimentoRisposta% Corretto
Tanti auguriRaffaella Carrà
89%
Gelato al cioccolato Pupo
88%
Perdere l'amoreMassimo Ranieri
82%
Bella stronzaMarco Masini
64%
La bambolaPatty Pravo
60%
Mi sei scoppiato dentro il cuoreMina
60%
IrisBiagio Antonacci
54%
In ginocchio da teGianni Morandi
53%
Non son degno di teGianni Morandi
53%
EmozioniLucio Battisti
53%
Senza una donnaZucchero
53%
Strani amoriLaura Pausini
52%
Il tempo se ne vaAdriano Celentano
50%
La rondineMango
43%
Il cieloRenato Zero
37%
TuUmberto Tozzi
34%
Piccola e fragile Drupi
20%
ItaliaMino Reitano
19%
BallaUmberto Balsamo
19%
Non sono maddalenaRosanna Fratello
8%

Distribuzione punteggi

Percentile per numero di risposta

Percentuale di utenti per punteggio

I tuoi punteggi nel tempo

Non hai fatto questo quiz dall'ultimo reset